Sociology / (Record no. 5387)
[ view plain ]
| 000 -LEADER | |
|---|---|
| fixed length control field | 01154cam a22001934a 4500 |
| 020 ## - INTERNATIONAL STANDARD BOOK NUMBER | |
| ISBN | 053457906X (alk. paper) |
| 020 ## - INTERNATIONAL STANDARD BOOK NUMBER | |
| ISBN | 9780534579074 |
| 020 ## - INTERNATIONAL STANDARD BOOK NUMBER | |
| ISBN | 0534579078 |
| 050 00 - CALL NUMBER | |
| Classification number | HM585 |
| Item number | .Sh5 |
| 100 1# - AUTHOR | |
| Personal name | Shepard, Jon M. |
| 245 10 - TITLE | |
| Title | Sociology / |
| Statement of responsibility, etc | Jon M. Shepard. |
| 250 ## - EDITION | |
| Edition statement | 8th ed. |
| 260 ## - PUBLICATION INFORMATION | |
| Place of publication | Belmont, CA : |
| Name of publisher | Wadsworth/Thomson Learning, |
| Year of publication | c2002. |
| 300 ## - DESCRIPTION | |
| Number of Pages | xxi, 602 p. : |
| Other physical details | ill. (some col.), maps (some col.) ; |
| Dimensions | 27 cm. |
| 500 ## - NOTES | |
| General note | Includes index. |
| 505 ## - FORMATTED CONTENTS NOTE | |
| Table of Content | Preface. Part I: SOCIOLOGICAL PERSPECTIVES. 1. The Sociological Perspective. 2. Social Research. Part II: THE FOUNDATIONS OF SOCIAL STRUCTURE. 3. Culture. 4. Socialization. 5. Social Structure and Society. 6. Groups and Organizations. 7. Deviance and Social Control. Part III: SOCIAL INEQUALITY. 8. Social Stratification. 9. Inequalities of Race and Ethnicity. 10. Inequalities of Gender. Part IV: SOCIAL INSTITUTIONS. 11. Family. 12. Education 13. Political and Economic Institutions. 14. Religion. 15. Health Care and Aging. 16. Sport. Part V: SOCIAL CHANGE. 17. Population and Urbanization. 18. Social Change and Collective Behavior. |
| 650 #0 - SUBJECTS | |
| Topical Term | Sociology. |
| 942 ## - ADDED ENTRY ELEMENTS (KOHA) | |
| Koha item type | Books |
| Withdrawn status | Lost status | Collection code | Home library | Current library | Shelving location | Date acquired | Full call number | Accession Number | Koha item type |
|---|---|---|---|---|---|---|---|---|---|
| Reference | Methodist University Library Main | Methodist University Library Main | General Stacks | HM585 .Sh5 | 37776 | Books |